Mujer y poder en la antigua Roma. Actas del XV Coloquio de la Asociación Interdisciplinar de Estudios Romanos celebrado en Madrid del 25 al 27 de octubre de 2017

Wedi'i Gadw mewn:
Manylion Llyfryddiaeth
Awduron Eraill: Bravo, Gonzalo (Golygydd), Perea Yébenes, Sabino (Golygydd), Fernández Palacios, Fernando (Golygydd)
Fformat: Anhysbys
Iaith:Saesneg
Cyhoeddwyd: Madrid, España. Signifer Libros, 2018
Cyfres:Monografías de Antigüedad Griega y Romana; 54
Pynciau:
Tagiau: Ychwanegu Tag
Dim Tagiau, Byddwch y cyntaf i dagio'r cofnod hwn!

MARC

LEADER 00000 a2200000 4500
003 CL-VaPUC
005 20211021130629.0
008 210422b ||||| |||| 00| 0 eng d
999 |c 432843  |d 432841 
020 |a 9788416202225 
040 |c Pontificia Universidad Católica de Valparaíso 
082 |a 305.420937 BRA 2018 
100 1 |a Bravo, Gonzalo.   |9 860664  |e editor 
245 |a Mujer y poder en la antigua Roma.  |b Actas del XV Coloquio de la Asociación Interdisciplinar de Estudios Romanos celebrado en Madrid del 25 al 27 de octubre de 2017  
260 |a Madrid, España.  |b Signifer Libros,  |c 2018 
300 |a 361 páginas  
490 |a Monografías de Antigüedad Griega y Romana;   |v  54  
583 |k Cristina Rojas  |c 20210422 
650 |a Mujeres y política  |z Roma  |9 862985 
700 |a Perea Yébenes, Sabino  |e editor  |9 862552 
700 |a Fernández Palacios, Fernando  |e editor  |9 862553 
942 |2 ddc  |c BK 
952 |0 0  |1 0  |2 ddc  |4 0  |6 305_420937000000000_BRA_2018  |7 0  |8 A  |9 578646  |a BIBHIS  |b BIBHIS  |d 2021-08-20  |e 36  |g 0.00  |i 5587921  |l 3  |m 1  |o 305.420937 BRA 2018  |p 5587921  |r 2025-01-20  |s 2023-10-18  |t 1  |v 0.00  |w 2021-08-20  |y BK  |k HIS